| 000 | 00547nam a22001697a 4500 | ||
|---|---|---|---|
| 005 | 20251108175211.0 | ||
| 008 | 250721s1997 xx 000 0 ara d | ||
| 082 | 1 | 4 | _a213.2/كيل |
| 100 | 1 | _aالكيلاني، حسام الدين بن سليم | |
| 245 | 1 | 0 | _aالامالي في أعلى الاسانيد العوالي / |
| 264 | 1 |
_aحلب _ سوريا : _bدار القلم العربي، _c1997. |
|
| 300 | _a149ص. | ||
| 650 | 1 | 7 | _aالحديث الشريف |
| 650 | 1 | 7 | _aرواة الحديث |
| 942 |
_2ddc _cBK |
||
| 999 |
_c128518 _d128518 |
||